2020 Rap Albums - Statistics

General Stats
  • This quiz has been taken 15 times
  • The average score is 23 of 189
Answer Stats
Artist(s) Album Title % Correct
Playboi Carti Whole Lotta Red
58%
Lil Uzi Vert Eternal Atake
50%
Future High Off Life
42%
Juice WRLD Legends Never Die
42%
Lil Baby My Turn
42%
Freddie Gibbs & The Alchemist Alfredo
33%
DaBaby BLAME IT ON BABY
33%
Lil Yachty Lil Boat 3
33%
Pop Smoke Meet The Woo 2
33%
Pop Smoke Meet The Woo 2 (Deluxe)
33%
Eminem Music To Be Murdered By
33%
Eminem Music To Be Murdered By (Deluxe)
33%
Gunna WUNNA
33%
The Weeknd After Hours
25%
Drake Dark Lane Demo Tapes
25%
Nas King's Disease
25%
Future & Lil Uzi Vert Pluto x Baby Pluto
25%
Westside Gunn Pray for Paris
25%
21 Savage & Metro Boomin Savage Mode II
25%
Pop Smoke Shoot For The Stars Aim For The Moon
25%
Pop Smoke Shoot For The Stars Aim For The Moon (Deluxe)
25%
Chris Brown & Young Thug Slime & B
25%
Polo G THE GOAT
25%
Denzel Curry & Kenny Beats UNLOCKED
25%
YoungBoy Never Broke Again 38 Baby 2
17%
Yung Gravy & bbno$ Baby Gravy 2
17%
Comethazine Bawskee 4
17%
Kodak Black Bill Israel
17%
Mac Miller Circles
17%
A$AP Ferg Floor Seats II
17%
NAV Good Intentions
17%
Don Toliver Heaven Or Hell
17%
Skepta, Chip & Young Adz Insomnia
17%
Jackboy Jackboy
17%
Lil Yachty Lil Boat 3.5
17%
Lil Uzi Vert Lil Uzi Vert vs. The World 2
17%
Kid Cudi Man on the Moon III: The Chosen
17%
Rich The Kid & YoungBoy Never Broke Again Nobody Safe
17%
Trippie Redd Pegasus
17%
G Herbo PTSD
17%
Stunna 4 Vegas Rich Youngin
17%
YoungBoy Never Broke Again Still Flexin, Still Steppin
17%
$uicideboy$ STOP STARING AT THE SHADOWS
17%
YoungBoy Never Broke Again Top
17%
YoungBoy Never Broke Again Until I Return
17%
Lil Tecca Virgo World
17%
King Von Welcome to O'Block
17%
Childish Gambino 3.15.20
8%
6LACK 6pc Hot EP
8%
Fivio Foreign 800 BC
8%
Joyner Lucas ADHD
8%
LUCKI Almost There
8%
Scrim A Man Rose from the Dead
8%
Bryson Tiller A N N I V E R S A R Y
8%
Ghostemane ANTI-ICON
8%
Young Nudy Anyways...
8%
A Boogie Wit da Hoodie Artist 2.0
8%
Zaytoven, Lil Yachty, Lil Gotit & Lil Keed A-Team
8%
Jay Electronica A Written Testimony
8%
Internet Money B4 The Storm
8%
JayDaYoungan Baby23
8%
Beastie Boys Beastie Boys Music
8%
$NOT Beautiful Havoc
8%
A$AP Twelvyy Before Noon
8%
Mozzy Beyond Bulletproof
8%
Rich The Kid BOSS MAN
8%
NAV Brown Boy 2
8%
French Montana CB5
8%
Russ CHOMP
8%
City Morgue CITY MORGUE VOL 2: AS GOOD AS DEAD (DELUXE)
8%
City Girls City on Lock
8%
Blac Youngsta & Moneybagg Yo Code Red
8%
DC The Don Come as You Are
8%
Jaden CTV3: Cool Tape Vol. 3
8%
BONES & Drew The Architect DamagedGoods
8%
Tory Lanez Daystar
8%
Doe Boy & Southside Demons R Us
8%
Big Sean Detroit 2
8%
Famous Dex Dexter 2031
8%
Famous Dex Diana
8%
Quando Rondo Diary of a Lost Child
8%
KSI Dissimulation
8%
Yungeen Ace Don Dada
8%
Slim Thug & Killa Kyleon Down in Texas
8%
NAV & Wheezy Emergency Tsunami
8%
Tech N9ne Enterfear
8%
G-Eazy Everything's Strange Here
8%
Joyner Lucas Evolution
8%
Busta Rhymes Extinction Level Event 2: The Wrath of God
8%
StaySolidRocky Fallin'
8%
DJ Scheme FAMILY
8%
Scarlxrd FANTASY VXID
8%
BlocBoy JB FatBoy
8%
Ty Dolla $ing Featuring Ty Dolla $ign
8%
SpotemGottem Final Destination
8%
Blueface Find The Beat
8%
Smokepurpp Florida Jit
8%
Westside Gunn Flygod is an Awesome God II
8%
BONES FromBeyondTheGrave
8%
NLE Choppa From Dark to Light
8%
Blac Youngsta Fuck Everybody 3
8%
The Kid LAROI FUCK LOVE
8%
The Kid LAROI FUCK LOVE (SAVAGE)
8%
Lil Wayne Funeral
8%
Lil Wayne Funeral (Deluxe)
8%
Yung Gravy Gasanova
8%
Megan Thee Stallion Good News
8%
Sad Frosty Happy Cult
8%
Lil Gotit Hood Baby 2
8%
Flo Milli Ho, Why Is You Here?
8%
IDK IDK & Friends 2
8%
iann dior I'm Gone
8%
Lil Durk Just Cause Y'all Waited 2
8%
Dave East Karma 3
8%
King Von LeVon James
8%
Aminé Limbo
8%
Tory Lanez Loner
8%
Calboy Long Live The Kings
8%
Ace Hood Mr. Hood
8%
DaBaby My Brother's Keeper (Long Live G)
8%
YG My Life 4Hunnid
8%
Joji Nectar
8%
MadeinTYO Never Forgotten
8%
REASON New Beginnings
8%
88Glam New Mania
8%
Rico Nasty Nightmare Vacation
8%
Lil Wayne No Ceilings 3 (A Side)
8%
2 Chainz & T.R.U No Face No Case
8%
Logic No Pressure
8%
Flatbush Zombies Now, More Than Ever
8%
Mozzy Occupational Hazard
8%
BONES Offline
8%
Sheff G One and Only
8%
Wifisfuneral Pain?
8%
Bankrol Hayden Pain Is Temporary
8%
Comethazine Pandemic
8%
PARTYNEXTDOOR PARTYMOBILE
8%
PARTYNEXTDOOR PARTYPACK
8%
Toosii Platinum Heart
8%
Toosii Poetic Pain
8%
Rod Wave Pray 4 Love
8%
Sheff G Proud of Me Now
8%
Quando Rondo QPac
8%
Meek Mill Quarantine Pack
8%
Latto Queen of Da Souf
8%
Young M.A Red Flu
8%
BONES & Lyson REMAINS
8%
Young Dolph Rich Slave
8%
Run the Jewels RTJ4
8%
Scarlxrd Scarhxurs
8%
AJ Tracey Secure the Bag! 2
8%
KYLE See You When I Am Famous
8%
Ace Hood Self Preservation
8%
Russ Shake the Snow Globe
8%
Smino She Already Decided
8%
Sleepy Hallow Sleepy for President
8%
2 Chainz So Help Me God!
8%
Gucci Mane & 1017 So Icy Gang, Vol. 1
8%
Gucci Mane So Icy Summer
8%
Key Glock Son of a Gun
8%
Yung Lean Starz
8%
Lil Tjay State of Emergency
8%
NoCap Steel Human
8%
Megan Thee Stallion Suga
8%
Jack Harlow Sweet Action
8%
6ix9ine TattleTales
8%
Jack Harlow That's What They All Say
8%
Royce Da 5'9" The Allegory
8%
Juicy J The Hustle Continues
8%
Joey Bada$$ The Light Pack
8%
Tory Lanez The New Toronto 3
8%
Wiz Khalifa The Saga of Wiz Khalifa
8%
Tee Grizzley The Smartest
8%
Lil Durk The Voice
8%
Slim Thug Thug Life
8%
Machine Gun Kelly Tickets to My Downfall
8%
Moneybagg Yo Time Served
8%
NLE Choppa Top Shotta
8%
City Morgue TOXIC BOOGALOO
8%
Fetty Wap Trap & B
8%
Lil Keed Trapped on Cleveland 3
8%
Yo Gotti Untrapped
8%
Stunna 4 Vegas Welcome to 4 Vegas
8%
Tyga & DJ Drama Well Done Forever
8%
Saint JHN While the World Was Burning
8%
Westside Gunn Who Made the Sunshine
8%
YFN Lucci Wish Me Well 3
8%
Key Glock Yellow Tape
8%
42 Dugg Young & Turnt, Vol. 2
8%
No matching quizzes found
Score Distribution
Percent of People with Each Score
Percentile by Number Answered
Your Score History
You have not taken this quiz